| 000 | 00574 a2200169 4500 | ||
|---|---|---|---|
| 999 |
_c8342 _d8342 |
||
| 010 | _aENG-88413 | ||
| 020 | _c250.00 | ||
| 035 | _aEN-71946 | ||
| 037 | _bDBAD / PUB | ||
| 082 | 1 | 4 | _a133.333 |
| 100 | _aMercay, Jessie J. | ||
| 245 | 1 |
_aFabric of the universe: _cby Jessie J. Mercay _bthe origins, implications and applications of vastu science/ |
|
| 260 |
_aChennai _bDakshinaa Publishing House _c2006 |
||
| 270 |
_aN0. 46, First Avenue, Vettuvankeni, _bChennai - 41 |
||
| 300 |
_a57p. _c27cm (pbk) _bb&w, col.photos |
||
| 942 |
_adpl _cEN _2ddc _h133.333 _mMER |
||